000 00507nam a22001937a 4500
003 MPLRDC
005 20220104113753.0
008 210129b ||||| |||| 00| 0 eng d
020 _a7-5301-0197-8
082 _a873.59 PLS v.5
100 _a威勒德. 普赖斯
245 _a亚马孙探险
_c杨伟娴译
250 _a一版五刷
260 _a
_b北京少年儿童出版社
_c1993
300 _b
490 _a哈尔罗杰历险记
650 _a英国儿童文学
942 _cBK
_o873.59 PLS v.5
999 _c2219
_d2209